FACTORES QUE INFLUYEN EN EL COMPORTAMIENTO DE COMPRA DEL CONSUMIDOR EN LA DEMANDA DE PRODUCTOS ALIMENTICIOS DE LOS SUPERMERCADOS E EL MUNICIPPIO SANTA CRUZ DE BARAHONA NOVIEMBRE 2012 ENERO 2013 (Record no. 994)
[ view plain ]
| 000 -LEADER | |
|---|---|
| campo de control de longitud fija | 00934nam a22001937a 4500 |
| 001 - NÚMERO DE CONTROL | |
| campo de control | 4959 |
| 005 - FECHA Y HORA DE LA ÚLTIMA TRANSACCIÓN | |
| campo de control | 20250522045548.0 |
| 008 - DATOS DE LONGITUD FIJA--INFORMACIÓN GENERAL | |
| campo de control de longitud fija | 5230202013 dr |
| 090 ## - LOCALMENTE ASIGNADO TIPO-LC NÚMERO DE CLASIFICACIÓN (OCLC); NÚMERO DE CLASIFICACIÓN LOCAL (RLIN) | |
| Número de clasificación (OCLC) (R) ; Numero de clasificación, CALL (RLIN) (NR) | MER 2013-001 |
| 100 ## - ENTRADA PRINCIPAL--NOMBRE DE PERSONA | |
| Nombre de persona | REYES RAMIREZ, SHIRELY JACQUELINE |
| 245 ## - MENCIÓN DEL TÍTULO | |
| Título | FACTORES QUE INFLUYEN EN EL COMPORTAMIENTO DE COMPRA DEL CONSUMIDOR EN LA DEMANDA DE PRODUCTOS ALIMENTICIOS DE LOS SUPERMERCADOS E EL MUNICIPPIO SANTA CRUZ DE BARAHONA NOVIEMBRE 2012 ENERO 2013 |
| Mención de responsabilidad, etc. | Shirely Jacqueline Reyes Ramírez y Jhonayka Antonia Ramírez Santana |
| 260 ## - PUBLICACIÓN, DISTRIBUCIÓN, ETC. | |
| Lugar de publicación, distribución, etc. | Barahona : |
| Nombre del editor, distribuidor, etc. | UNIVERSIDAD CATOLICA TECNOLOGICA DE BARAHONA |
| 300 ## - DESCRIPCIÓN FÍSICA | |
| Extensión | iv, 117h /28cm |
| 502 ## - NOTA DE TESIS | |
| Nota de tesis | Tesis (Licenciatura en Mecadeo) - UCATEBA - Escuela de Negocios |
| 504 ## - NOTA DE BIBLIOGRAFÍA, ETC. | |
| Nota de bibliografía, etc. Nota | Bibliografía : H. 112-113 |
| 650 ## - PUNTO DE ACCESO ADICIONAL DE MATERIA--TÉRMINO DE MATERIA | |
| Término de materia o nombre geográfico como elemento de entrada | 1.PRODUCTOS ALIMENTICIOS-DEMANDA EN COMPRA |
| 650 ## - PUNTO DE ACCESO ADICIONAL DE MATERIA--TÉRMINO DE MATERIA | |
| Término de materia o nombre geográfico como elemento de entrada | 2.PRODUCTOS ALIMENTICIOS-FACTORES QUE INSIDEN EN EL CONSUMIDOR |
| 700 ## - ENTRADA AGREGADA--NOMBRE PERSONAL | |
| Nombre de persona | I.RAMIREZ SANTANA, JHONAYKA ANTONIA, COAUT |
| Estatus retirado | Estado de pérdida | Estado de daño | No para préstamo | Colección | Biblioteca de origen | Biblioteca actual | Fecha de adquisición | Total de préstamos | Signatura topográfica completa | Código de barras | Visto por última vez | Copia número | Precio de reemplazo | Tipo de ítem Koha |
|---|---|---|---|---|---|---|---|---|---|---|---|---|---|---|
| Acervo general de Libros | Biblioteca Central Mons. Favio M. Rivas S. | Biblioteca Central Mons. Favio M. Rivas S. | 15/10/2013 | MER 2013-001 | 000000001248 | 23/05/2025 | 1 | 23/05/2025 | Tesis |
